In the skin of the lion (Record no. 114407)
[ view plain ]
| 000 -LEADER | |
|---|---|
| fixed length control field | 00653cam a22002295a 4500 |
| 001 - CONTROL NUMBER | |
| control field | L156769 |
| 008 - FIXED-LENGTH DATA ELEMENTS--GENERAL INFORMATION | |
| fixed length control field | 120711s1988 xxk f 000 0 eng d |
| 020 ## - INTERNATIONAL STANDARD BOOK NUMBER | |
| International Standard Book Number | 9780330301831 |
| 035 ## - SYSTEM CONTROL NUMBER | |
| System control number | (Sirsi) u156769 |
| 041 0# - LANGUAGE CODE | |
| Language code of text/sound track or separate title | eng |
| 100 1# - MAIN ENTRY--PERSONAL NAME | |
| Personal name | Ondaatje, Michael |
| 245 00 - TITLE STATEMENT | |
| Title | In the skin of the lion |
| 260 ## - PUBLICATION, DISTRIBUTION, ETC. | |
| Place of publication, distribution, etc. | London |
| Name of publisher, distributor, etc. | Macmillian Publishers |
| Date of publication, distribution, etc. | 1988 |
| 300 ## - PHYSICAL DESCRIPTION | |
| Extent | 240p. |
| Other physical details | illus. |
| Dimensions | 15cm |
| 505 2# - FORMATTED CONTENTS NOTE | |
| Formatted contents note | Little seed -- The bridge -- |
| 520 ## - SUMMARY, ETC. | |
| Summary, etc. | This book is about hunting and skinning lions. |
| 650 24 - SUBJECT ADDED ENTRY--TOPICAL TERM | |
| Topical term or geographic name entry element | Lions |
| 651 #4 - SUBJECT ADDED ENTRY--GEOGRAPHIC NAME | |
| Geographic name | ENGLAND AND WALES |
| 690 ## - LOCAL SUBJECT ADDED ENTRY--TOPICAL TERM (OCLC, RLIN) | |
| Topical term or geographic name as entry element | Hunting |
| 856 40 - ELECTRONIC LOCATION AND ACCESS | |
| Host name | uhttp://194.154.180.3/uhtbin/cgisirsi.exe/0/0/0/1/117/X/ |
| 942 ## - ADDED ENTRY ELEMENTS (KOHA) | |
| Suppress in OPAC | 0 |
| Withdrawn status | Lost status | Source of classification or shelving scheme | Damaged status | Not for loan | Home library | Current library | Shelving location | Date acquired | Cost, normal purchase price | Total Checkouts | Full call number | Barcode | Date last seen | Copy number | Cost, replacement price | Price effective from | Koha item type |
|---|---|---|---|---|---|---|---|---|---|---|---|---|---|---|---|---|---|
| Dewey Decimal Classification | London | London | Books | 11/07/2012 | 10.00 | 233.35 OND | 30023232323 | 06/08/2019 | 1 | 10.00 | 06/08/2019 | Book |